Central Library OPAC University of Rajshahi

The firstborn : (Record no. 17703)

MARC details
000 -LEADER
fixed length control field 00757cam a22002531 4500
001 - CONTROL NUMBER
control field 17703
003 - CONTROL NUMBER IDENTIFIER
rucl marc code BD-RjUL
005 - DATE AND TIME OF LATEST TRANSACTION
control field 20211209000159.0
008 - FIXED-LENGTH DATA ELEMENTS--GENERAL INFORMATION
fixed length control field 140217s19621952xx 000 0 eng
035 ## - SYSTEM CONTROL NUMBER
System control number (BD-RjUL)17761
System control number (OCoLC)2511773
040 ## - CATALOGING SOURCE
Original cataloging agency DLC
Transcribing agency NmLcU
Modifying agency OCoLC
-- OAk
-- Uk
-- DLC
Language of cataloging eng
041 ## - LANGUAGE CODE
Language code of text/sound track or separate title eng
082 ## - DEWEY DECIMAL CLASSIFICATION NUMBER
Classification number 822
Author mark and year FRF 1962
100 1# - MAIN ENTRY--PERSONAL NAME
Personal name Fry, Christopher,
Dates associated with a name 1907-2005.
9 (RLIN) 54574
245 14 - TITLE STATEMENT
Title The firstborn :
Remainder of title a play in three acts /
Statement of responsibility, etc. Christopher fri
250 ## - EDITION STATEMENT
Edition statement 3rd. ed.
260 ## - PUBLICATION, DISTRIBUTION, ETC. (IMPRINT)
Place of publication, distribution, etc. London :
-- New York :
Name of publisher, distributor, etc. Oxford University Press
Date of publication, distribution, etc. c1952.[reprinting 1962]
300 ## - PHYSICAL DESCRIPTION
Pagination xi, 90 p. ;
Size 19 cm.
600 00 - SUBJECT ADDED ENTRY--PERSONAL NAME
Personal name Moses
Titles and other words associated with a name (Biblical leader)
General subdivision Drama.
942 ## - ADDED ENTRY ELEMENTS (KOHA)
Source of classification or shelving scheme Dewey Decimal Classification
Koha item type Books
Holdings
Lost status Source of classification or shelving scheme Damaged status Not for loan Collection code Permanent Location Current Location Shelving location Date acquired Source of acquisition Cost, normal purchase price Total Checkouts Full call number Date last seen Copy number Koha item type
  Dewey Decimal Classification     Fiction Central Library, University of Rajshahi Central Library, University of Rajshahi   13/05/1967 University book agencies 7.87   822 FRF 1962 17/02/2014 C-2 Books
  Dewey Decimal Classification   Not For Loan Fiction Central Library, University of Rajshahi Central Library, University of Rajshahi Reading Room 11/11/1990 Shukat osman     822 FRF 1952 20/02/2014 C-1 Books